000 00246nam a2200097Ia 4500
001 777445
005 20250826165907.0
008 250824s9999 xx 000 0 und d
245 0 _aISSIZ ERKEKLER KOROSU
_cCANAN TAN
260 _bALTIN KİTAP YAYINLARI
999 _c777445
_d777445